| 000 -LEADER |
| fixed length control field |
00834nam a22002417a 4500 |
| 005 - DATE AND TIME OF LATEST TRANSACTION |
| control field |
20251023173803.0 |
| 008 - FIXED-LENGTH DATA ELEMENTS--GENERAL INFORMATION |
| fixed length control field |
250509b ||||| |||| 00| 0 eng d |
| 020 ## - INTERNATIONAL STANDARD BOOK NUMBER |
| International Standard Book Number |
9781861899019 |
| 040 ## - CATALOGING SOURCE |
| Transcribing agency |
SSBUL |
| 041 ## - LANGUAGE CODE |
| Language code of text/sound track or separate title |
English |
| 082 ## - DEWEY DECIMAL CLASSIFICATION NUMBER |
| Edition number |
23 |
| Classification number |
959.1 Au |
| Item number |
25429 S-RH |
| 100 0# - MAIN ENTRY--PERSONAL NAME |
| Personal name |
Aung-Thwin, Michael. |
| 9 (RLIN) |
10911 |
| 245 12 - TITLE STATEMENT |
| Title |
A History of Myanmar Since Ancient Times: |
| Remainder of title |
Traditions and Transformations / |
| Statement of responsibility, etc. |
Michael Aung-Thwin and Maitrii Aung-Thwin. |
| 260 ## - PUBLICATION, DISTRIBUTION, ETC. |
| Place of publication, distribution, etc. |
London: |
| Name of publisher, distributor, etc. |
Reaktion Books, |
| Date of publication, distribution, etc. |
2012. |
| 300 ## - PHYSICAL DESCRIPTION |
| Extent |
325 pages; |
| Other physical details |
illustrations,maps; |
| Dimensions |
24 cm. |
| 500 ## - GENERAL NOTE |
| General note |
S-RH: Mr. Ron Halsey Collection |
|
| General note |
Includes reference and index. |
| 651 ## - SUBJECT ADDED ENTRY--GEOGRAPHIC NAME |
| Geographic name |
Myanmar |
| General subdivision |
Politics and government |
|
| Geographic name |
Myanmar |
| General subdivision |
Social conditions. |
| 9 (RLIN) |
29423 |
|
| Geographic name |
Myanmar |
| Form subdivision |
History |
| 700 0# - ADDED ENTRY--PERSONAL NAME |
| Personal name |
Aung- Thwin, Maitrii |
| 9 (RLIN) |
29424 |
| 942 ## - ADDED ENTRY ELEMENTS (KOHA) |
| Source of classification or shelving scheme |
|
| Koha item type |
Book (Short term) |